| 000 | 01023nam a22001577a 4500 | ||
|---|---|---|---|
| 005 | 20240724115230.0 | ||
| 008 | 240724b ||||| |||| 00| 0 eng d | ||
| 020 | _a9789988195472 | ||
| 050 | _aREF | ||
| 100 | _9Alorvor, Lawson K. | ||
| 245 |
_aEffective teaching strategies for teachers: Nation building through effective teaching. _cLawson K. Alorvor |
||
| 260 |
_aKasoa _bSpiritual and body press _c2021 |
||
| 500 | _aIncludes: index, reference, | ||
| 505 | _aContents: Lesson planning and presentation -- Performance indicators -- The basic framework for effective teaching -- Philosophy of teaching -- Learning -- Assessment learning outcomes -- Class management -- Teacher self-appraisal and reflective practice -- Motivation -- Forgetting -- Instructional goal structures -- School administration -- Discipline in the school -- The nature of educational administration -- The nature of school organization -- Educating the individual with special needs -- Professional learning communities(PLCs) | ||
| 942 |
_2lcc _cBK |
||
| 999 |
_c10348 _d17848 |
||